Statistics for Name Every Tyler, the Creator Song

Click here to take the quiz!

General Stats

  • This quiz has been taken 319 times
    (188 since last reset)
  • The average score is 51 of 114

Answer Stats

Answer% Correct
See You Again
88%
EARFQUAKE
85%
ARE WE STILL FRIENDS?
84%
IGOR'S THEME
77%
NEW MAGIC WAND
75%
She
75%
GONE, GONE / THANK YOU
72%
Goblin
71%
WOLF
70%
A BOY IS A GUN*
69%
I THINK
68%
PUPPET
68%
CHERRY BOMB
66%
RUN
66%
911 / Mr. Lonely
64%
I DON'T LOVE YOU ANYMORE
63%
IFHY
63%
SWEET / I THOUGHT YOU WANTED TO DANCE
63%
Yonkers
63%
Bastard
61%
RUNNING OUT OF TIME
61%
CORSO
58%
Garden Shed
58%
Glitter
58%
SMUCKERS
58%
SORRY NOT SORRY
58%
Who Dat Boy
58%
SAFARI
57%
WHAT'S GOOD
57%
FUCKING YOUNG / PERFECT
56%
November
56%
DOGTOOTH
55%
Boredom
53%
Tamale
53%
Her
52%
Where This Flower Blooms
52%
SIR BAUDELAIRE
51%
WHARF TALK
51%
WILSHIRE
51%
Foreword
50%
PartyIsntOver / Campfire / Bimmer
50%
Answer
49%
WUSYANAME
49%
EXACTLY WHAT YOU RUN FROM YOU END UP CHASING
48%
HOT WIND BLOWS
47%
LEMONHEAD
47%
JUGGERNAUT
46%
Tron Cat
46%
Colossus
45%
LUMBERJACK
45%
OKAGA, CA
45%
2SEATER
44%
I Ain't Got Time!
44%
MASSA
44%
Pothole
44%
Enjoy Right Now, Today
43%
Jamba
43%
Sarah
43%
BOYFRIEND, GIRLFRIEND (2020 Demo)
42%
DEATHCAMP
42%
Droppin' Seeds
42%
FIND YOUR WINGS
42%
MANIFESTO
42%
Pigs
42%
RUNITUP
42%
Domo23
41%
48
40%
Lone
40%
MOMMA TALK
40%
RISE!
40%
Cowboy
39%
Rusty
39%
Fish
38%
Sometimes...
38%
BUFFALO
37%
WHAT A DAY
37%
Golden
36%
PILOT
36%
Slater
36%
STUNTMAN
36%
Awkward
35%
Trashwang
35%
BLESSED
34%
Radicals
34%
Treehome95
32%
EVERYTHING MUST GO
31%
HEAVEN TO ME
31%
Burger
30%
KEEP DA O'S
30%
Parking Lot
30%
Transylvania
30%
VCR / Wheels
30%
Blow
29%
BLOW MY LOAD
29%
AU79
28%
Steak Sauce
27%
Inglorious
26%
Bitch Suck Dick
25%
French!
25%
Nightmare
25%
Pigs Fly
25%
Sandwitches
25%
THE BROWN STAINS OF DARKEESE LATIFAH PART 6-12 (REMIX)
25%
Analog
24%
AssMilk
24%
Seven
24%
Untitled 63
24%
Window
23%
Jack and the Beanstalk
22%
Tina
22%
Odd Toddlers
20%
Parade
18%
Session
17%
Slow It Down
16%

Score Distribution

Percentile by Number Answered

Percent of People with Each Score

Your Score History

You have not taken this quiz since the last reset